000
00252nam a22000857a 4500
008
160822b xxu||||| |||| 00| 0 eng d
100
_9
202
_a
Manchanda R.P
245
_a
Together with Chemistry Solution-XII
260
_a
New Delhi
_b
Rachna Sagar publication
_c
2013
999
_c
2860
_d
2860